|
|
|
|
| LEADER |
00000nas a2200000 a 4500 |
| 001 |
ssj0017662 |
| 003 |
WaSeSS |
| 005 |
20200512172242.0 |
| 006 |
m d |
| 007 |
cr n |
| 008 |
000602c20009999ja qr pss 0 0eng c |
| 010 |
|
|
|a 2004233413
|
| 016 |
7 |
|
|a 013103340
|2 Uk
|
| 022 |
|
|
|a 1438-390X
|y 1438-3896
|
| 035 |
|
|
|a (WaSeSS)ssj0017662
|
| 040 |
|
|
|a ZCU
|b eng
|e pn
|c ZCU
|d OCLCQ
|d GUA
|d OCLCQ
|d OCL
|d UKMGB
|d OCLCQ
|d OCLCF
|d OCLCQ
|d NJR
|d OCLCQ
|d U3W
|d AU@
|d OCLCO
|d WYU
|d VT2
|d NJT
|d DLC
|d WaSeSS
|
| 042 |
|
|
|a pcc
|
| 050 |
0 |
0 |
|a QH352
|
| 050 |
1 |
4 |
|a QL752
|
| 082 |
0 |
4 |
|a 591.788
|
| 130 |
0 |
|
|a Population ecology (Online)
|
| 245 |
1 |
0 |
|a Population ecology
|h [electronic resource].
|
| 246 |
1 |
7 |
|a Popul ecol
|
| 260 |
|
|
|a Tokyo :
|b Society of Population Ecology and Springer-Verlag,
|c ©2000-
|
| 310 |
|
|
|a Four times per year,
|b 2006-
|
| 321 |
|
|
|a Three no. a year,
|b 2000-2005
|
| 362 |
0 |
|
|a Vol. 42, no. 1 (Apr. 2000)-
|
| 506 |
|
|
|a License restrictions may limit access.
|
| 538 |
|
|
|a Mode of access: World Wide Web.
|
| 588 |
|
|
|a Description based on: Vol. 42, no. 1 (Apr. 2000); title from contents screen (Springer LINK, viewed Mar. 18, 2004).
|
| 588 |
|
|
|a Latest issue consulted: Vol. 60, issue 4 (Oct. 2018) (viewed Mar. 11, 2020).
|
| 650 |
|
0 |
|a Population biology
|v Periodicals.
|
| 650 |
|
0 |
|a Animal populations
|v Periodicals.
|
| 650 |
|
0 |
|a Insect populations
|v Periodicals.
|
| 650 |
|
7 |
|a Animal populations.
|2 fast
|0 (OCoLC)fst00809325
|
| 650 |
|
7 |
|a Insect populations.
|2 fast
|0 (OCoLC)fst00974025
|
| 650 |
|
2 |
|a Entomology
|v Periodicals.
|
| 650 |
|
2 |
|a Ecology
|v Periodicals.
|
| 650 |
|
2 |
|a Population Surveillance
|v Periodicals.
|
| 655 |
|
0 |
|a Electronic journals.
|
| 776 |
0 |
8 |
|i Print version:
|t Population ecology
|x 1438-3896
|w (DLC) 00252864
|w (OCoLC)44489997
|
| 780 |
0 |
0 |
|t Researches on population ecology (Online)
|w (DLC) 2004233414
|w (OCoLC)43505327
|
| 850 |
|
|
|a DLC
|
| 856 |
4 |
0 |
|z Full text available from Research Library: 05/01/2002 to 10/31/2018
|u https://search.proquest.com/publication/43403
|